000 01638nas a2200289 i 4500
003 DO-SdUA
005 20250613105829.0
007 ta
008 250613e2012 dr u p|r || | spa d
035 _a(DO-SdUA)60478
040 _aDO-SdUA
_bspa
_cDO-SdUA
_dDO-SdBNP
_espa
041 0 _aspa
110 2 _aUniversidad Autónoma de Santo Domingo.
_bFacultad de Ciencias Económicas y Sociales.
_bEscuela de Estadística.
_988102
245 1 0 _aActualidad estadística /
_bEscuela de Estadística de la UASD.
264 _aSanto Domingo, República Dominicana :
_bFCES,
_c2012.
300 _avolumen :
_bilustraciones, gráficas ;
_c28 cm.
310 _aSemestral.
336 _atexto
_btxt
_2rdacontent
337 _asin mediación
_bn
_2rdamedia
338 _avolumen
_bnc
_2rdacarrier
362 _aAño 2012, octubre, Vol. 2, No. 3.
520 _aEste documento presenta el noveno número de la Revista Actualidad Estadística publicada por la Escuela de Estadística de la Universidad Autónoma de Santo Domingo. Incluye artículos sobre temas como la educación superior en República Dominicana, la globalización y el pensamiento alternativo, y la deserción y repitencia escolar. Además, presenta información sobre la población afiliada a la Seguridad Social dominicana e indicadores de desigualdad de género en el país. La revista busca difundir investigación.
610 2 7 _aEscuela de Estadística (UASD)
_vPublicaciones seriadas
_2lemb
_988103
650 7 _aEstadística
_xHistoria
_vPublicaciones seriadas
_2lemb
_988104
650 7 _aRepública Dominicana
_xCensos
_vPublicaciones seriadas
_2lemb
_988105
942 _2ddc
_cISSUE
999 _c59275
_d59275